[Event "Online Olym Div3 D"]
[Site "Chess.com INT"]
[Date "2020.08.07"]
[Round "1.2"]
[White "Miller, Rachel"]
[Black "Efentakis, Theodora"]
[Result "1-0"]
[WhiteElo "2004"]
[BlackElo "1147"]
[PlyCount "39"]
[EventDate "2020.08.07"]
[EventType "team-tourn (rapid)"]
[EventRounds "9"]
[EventCountry "USA"]
[SourceTitle "CBM 198"]
[Source "ChessBase"]
[SourceDate "2020.10.31"]
[SourceVersion "1"]
[SourceVersionDate "2020.10.31"]
[SourceQuality "1"]
[WhiteTeam "Jamaica"]
[BlackTeam "Mozambique"]
[WhiteTeamCountry "JAM"]
[BlackTeamCountry "MOZ"]

1. e4 e5 2. Nf3 Nc6 3. Bc4 Bc5 4. c3 Nf6 5. d3 h6 6. 0-0 d6 7. Bb3 Bg4 8. h3 Bh5 9. Re1 0-0 10. Nbd2 Qe7 11. Nf1 a6 12. Ng3 Bg6 13. Nh4 Bh7 14. Ngf5 Qd7 15. Qf3 Ne7 16. Nxh6+ gxh6 17. Qxf6 Ng6 18. Bxh6 Bxf2+ 19. Kxf2 Nxh4 20. Qg7# 1-0

[Event "Online Olym Div4 B"]
[Site "Chess.com INT"]
[Date "2020.08.01"]
[Round "5.5"]
[White "Sarkisian, Aikaterina"]
[Black "Efentakis, Theodora"]
[Result "1-0"]
[WhiteElo "1016"]
[BlackElo "1147"]
[PlyCount "53"]
[EventDate "2020.07.31"]
[EventType "team-tourn (rapid)"]
[EventRounds "9"]
[EventCountry "USA"]
[SourceTitle "CBM 198"]
[Source "ChessBase"]
[SourceDate "2020.10.31"]
[SourceVersion "1"]
[SourceVersionDate "2020.10.31"]
[SourceQuality "1"]
[WhiteTeam "Cyprus"]
[BlackTeam "Mozambique"]
[WhiteTeamCountry "CYP"]
[BlackTeamCountry "MOZ"]

1. e4 e5 2. f4 exf4 3. Nf3 Nc6 4. d4 Be7 5. Bxf4 d6 6. Bd3 Bg4 7. Be2 Nf6 8. Nc3 0-0 9. 0-0 h6 10. h3 Bh5 11. Qd2 Bg6 12. Bd3 Nh5 13. Be3 Ng3 14. Rf2 Bh4 15. Nxh4 Qxh4 16. Rf4 Qe7 17. Rg4 Nh5 18. Bc4 Nf6 19. Rxg6 Kh8 20. Rxg7 Nh5 21. Rg4 Nf6 22. Rh4 Ng8 23. Qf2 Kh7 24. Qf5+ Kg7 25. Rg4+ Kh8 26. Qh5 Qf6 27. Rf1 1-0